Matemática jovem: 8 ano de escolaridade

Guardado en:
Detalles Bibliográficos
Autor principal: Anjos, Alfredo Osório dos
Otros Autores: Costa, António de Almeida Lopes, António Augusto
Formato: Desconocido
Lenguaje:portugués
Publicado: Porto Porto Editora 1989
Edición:3a ed.
Catálogo:MANES:  Resultados de Búsqueda del Catálogo
Clasificación de libros de texto:
Etiquetas: Agregar Etiqueta
Sin Etiquetas, Sea el primero en etiquetar este registro!
Añadido a:2016-04-26
Cambiado en:2025-04-25

MARC

LEADER 000000000a22000000004500
001 27235
003 OSt
005 20250425111428.0
008 160427s pt ||||| |||| 00| 0 por d
040 |c centro_manes 
041 1 |a por 
100 1 |a Anjos, Alfredo Osório dos  |9 15421 
245 0 0 |a Matemática jovem: 8 ano de escolaridade 
250 |a 3a ed. 
260 3 |a Porto  |b Porto Editora  |c 1989 
300 |a 258 p.;  |c 23 cm 
561 |5 pt-BNP  |a Portugal. Biblioteca Nacional de Portugal  |k MANES 
690 0 |a MATE 
691 |a SE 
700 1 |a Costa, António de Almeida  |9 15422  |a Lopes, António Augusto  |9 15433 
942 |2 ddc  |c BK 
546 |a Portugal 
999 |c 28697  |d 28697 
999 |c manes:28697  |d 28697